| 000 | 00559nam a22002177a 4500 | ||
|---|---|---|---|
| 001 | 000392 | ||
| 003 | DO-SdBNP | ||
| 005 | 20180205152548.0 | ||
| 007 | 000392 | ||
| 008 | 160715b 2001 xxu|| 00| 0 spa d | ||
| 020 | _a0440229006 | ||
| 040 |
_aBPMSU _bspa _cBPMSU |
||
| 092 |
_axxxxx _bxxxxx |
||
| 100 | 1 | _aMead, Alice | |
| 245 | 1 | 0 |
_aSoldier mom / _cAlice Mead. |
| 260 |
_aNew York : _bFarrar Straus Giroux, _c2001. |
||
| 300 |
_a151 p. ; _c22 cm. |
||
| 942 |
_2ddc _cBK |
||
| 945 | _aInventariado, 2018/ YL | ||
| 956 |
_2LOPEREZ _310 _620160715 _8BPMSU _a00041 |
||
| 999 |
_c10908 _d10908 |
||